00343nam a2200121Ia 4500008004100000020001800041041000800059082002700067100001600094245007200110260003000182300000900212230411s9999 xx 000 0 und d a0-7506-2345-4 aeng aS/610.73677/SEL/B05990 aSellu David aAid to Diagnosis in Surgery : Practical manual for medical students bButterworthaOxfordc1995 a296p